000 00493nam a2200181Ia 4500
008 151202s9999||||xx |||||||||||||| ||und||
082 _bPNVM-55543
100 _aभावे पु.भा.
245 _aवैरी.
260 _b"मेनका प्रकाशन,पुणे."
260 _c1979
300 _a145
600 _aभावे पु.भा.
630 _aवैरी.
700 _aभावे पु.भा.
730 _aवैरी.
942 _cBOOK
999 _c1322081
_d1322078